Плазменная утилизация угольного шлака; Химия и химическая технология в XXI веке; Т. 1

Бібліографічні деталі
Parent link:Химия и химическая технология в XXI веке: материалы XXII Международной научно-практической конференции студентов и молодых ученых имени выдающихся химиков Л. П. Кулёва и Н. М. Кижнера, посвященной 125-летию со дня основания Томского политехнического университета, Томск, 17-20 мая 2021 г./ Национальный исследовательский Томский политехнический университет (ТПУ) ; Инженерная школа природных ресурсов ; Исследовательская школа химических и биомедицинских технологий.— , 2021
Т. 1.— 2021.— [С. 34-35]
Автор: Болатова Ж. С. Жанар Санатовна
Співавтор: Национальный исследовательский Томский политехнический университет Инженерная школа информационных технологий и робототехники Отделение автоматизации и робототехники
Інші автори: Филимоненко А. В. (научный руководитель), Пак А. Я. Александр Яковлевич
Резюме:Заглавие с титульного экрана
Мова:Російська
Опубліковано: 2021
Серія:Химия и химическая технология неорганических веществ и материалов
Предмети:
Онлайн доступ:http://earchive.tpu.ru/handle/11683/66199
Формат: Електронний ресурс Частина з книги
KOHA link:https://koha.lib.tpu.ru/cgi-bin/koha/opac-detail.pl?biblionumber=632789

MARC

LEADER 00000naa2a2200000 4500
001 632789
005 20241025113813.0
035 |a (RuTPU)RU\TPU\conf\34511 
035 |a RU\TPU\conf\34510 
090 |a 632789 
100 |a 20210520d2021 k y0rusy50 ca 
101 0 |a rus 
102 |a RU 
105 |a y z 101zy 
135 |a drgn ---uucaa 
181 0 |a i  
182 0 |a b 
200 1 |a Плазменная утилизация угольного шлака  |f Ж. Болатова, А. В. Филимоненко  |g науч. рук. А. Я. Пак 
203 |a Текст  |c электронный 
225 1 |a Химия и химическая технология неорганических веществ и материалов 
300 |a Заглавие с титульного экрана 
320 |a [Библиогр.: с. 35 (3 назв.)] 
461 1 |0 (RuTPU)RU\TPU\conf\34506  |t Химия и химическая технология в XXI веке  |o материалы XXII Международной научно-практической конференции студентов и молодых ученых имени выдающихся химиков Л. П. Кулёва и Н. М. Кижнера, посвященной 125-летию со дня основания Томского политехнического университета, Томск, 17-20 мая 2021 г.  |o в 2 т.  |f Национальный исследовательский Томский политехнический университет (ТПУ) ; Инженерная школа природных ресурсов ; Исследовательская школа химических и биомедицинских технологий  |d 2021 
463 1 |0 (RuTPU)RU\TPU\conf\34507  |t Т. 1  |v [С. 34-35]  |d 2021 
610 1 |a труды учёных ТПУ 
610 1 |a электронный ресурс 
610 1 |a плазменная утилизация 
610 1 |a угольные шлаки 
610 1 |a утилизация 
610 1 |a очистка 
610 1 |a сверхтвердая керамика 
610 1 |a золотошлаковые отходы 
700 1 |a Болатова  |b Ж. С.  |c специалист в области материаловедения  |c инженер, младший научный сотрудник Томского политехнического университета  |f 1996-  |g Жанар Санатовна  |3 (RuTPU)RU\TPU\pers\47032  |9 22626 
701 1 |a Филимоненко  |b А. В. 
702 1 |a Пак  |b А. Я.  |c специалист в области электротехники  |c начальник отдела Томского политехнического университета, кандидат технических наук  |f 1986-  |g Александр Яковлевич  |4 727 
712 0 2 |a Национальный исследовательский Томский политехнический университет  |b Инженерная школа информационных технологий и робототехники  |b Отделение автоматизации и робототехники  |3 (RuTPU)RU\TPU\col\23553 
801 2 |a RU  |b 63413507  |c 20211213  |g RCR 
856 4 |u http://earchive.tpu.ru/handle/11683/66199 
942 |c BK